00697nam a22001937a 4500001000500000005001700005020001800022040010800040050001500148082001200163100003400175245008400209260003400293300005800327505000800385520007000393521002000463521002000483250720250815123342.0 a9780590275576 aTEFMTbengerdacTEFMTdTEFdOCLCQdOCLCOdJTDdJQMdJRIdORXdUOKdAPLdOCLCFdYEQdKYCdCOOdCPPdDLC00aPZ7.M5127404a808.0681 aSheff Medearis, Angelad1994-10aHarry's house /cWritten by Angela Shelf Medearis ; Illustrated by Susan Keeter aNew York :bScholastic,c1994 a16 unnumbered pages : bcolor illustrations ;c20 cm  aF  aA girl and her mother build a doghouse for their dog named Harry. a310 bLexile  aF bRaz-Plus